| Tag |
First Indicator |
Second Indicator |
Subfields |
| LEADER |
00000nam a2200000Ia 4500 |
| 001 |
in00004200260 |
| 005 |
20200806090417.0 |
| 006 |
m g d |
| 007 |
cr bn |||a|bb| |
| 008 |
080428s1662 enk o 000 0 eng d |
| 040 |
|
|
|a UMI
|c UMI
|
| 035 |
|
|
|a (OCoLC)226319932
|
| 037 |
|
|
|a CL2105000002
|b ProQuest Information and Learning, 789 E. Eisenhower Parkway, Ann Arbor, MI 48108-3218
|
| 043 |
|
|
|a e-uk-en
|
| 090 |
|
|
|a KD8751
|b .E53 1662
|
| 049 |
|
|
|a UMIA
|
| 130 |
0 |
|
|a Act of Uniformity
|d (1662)
|
| 245 |
1 |
2 |
|a An Act for Uniformity of Publick Prayers.
|
| 260 |
|
|
|a [England? :
|b publisher not identified,
|c 1662?]
|
| 300 |
|
|
|a 1 online resource ([2]+ pages)
|
| 336 |
|
|
|a text
|b txt
|2 rdacontent
|
| 337 |
|
|
|a computer
|b c
|2 rdamedia
|
| 338 |
|
|
|a online resource
|b cr
|2 rdacarrier
|
| 500 |
|
|
|a Title from running title.
|
| 500 |
|
|
|a Fragment: leaf A6 from unidentified edition of Book of common prayer; print much faded.
|
| 500 |
|
|
|a Reproduction of original in the British Library.
|
| 510 |
4 |
|
|a Early English books tract supplement interim guide
|c Harl.5936
|
| 533 |
|
|
|a Electronic reproduction.
|b Ann Arbor, Mich. :
|c UMI,
|d 1999-
|f (Early English books online)
|n Digital version of: (Early English books; Tract supplement ; E1:3[80a, 81a])
|7 s1999 miun s
|
| 610 |
2 |
0 |
|a Church of England
|x Law and legislation.
|
| 830 |
|
0 |
|a Early English books online.
|
| 856 |
4 |
0 |
|u http://proxy.library.tamu.edu/login?url=https://search.proquest.com/docview/2264199194
|z Connect to the full text of this electronic book
|t 0
|
| 856 |
4 |
0 |
|u http://proxy.library.tamu.edu/login?url=https://search.proquest.com/docview/2264197407
|z Connect to the full text of this electronic book
|t 0
|
| 994 |
|
|
|a 02
|b UMI
|
| 999 |
f |
f |
|s a24c8988-7cb7-3a88-9cc9-2098988530a9
|i 69be112e-29e7-3a35-9673-5803c7c0abdd
|t 0
|
| 952 |
f |
f |
|a Texas A&M University
|b College Station
|c Electronic Resources
|d Available Online
|t 0
|e KD8751 .E53 1662
|h Library of Congress classification
|
| 998 |
f |
f |
|a KD8751 .E53 1662
|t 0
|l Available Online
|